000 00629nam a2200229Ia 4500
003 OSt
005 20220916111030.0
006 a|||||r|||| 00| 0
007 ta
008 220915b |||||||| |||| 00| 0 eng d
024 _a123998
037 _cTextbook
040 _beng
_aARTS
_cARTS
041 _aeng
082 _aV641:21wM35, 122B5 (906)
100 _aOppelt Gustave
245 0 _aLeopold II : Roi des Belges chef de l'Etat independant du Congo
260 _aNA
_bNA
650 _aHISTORY
942 _hV641:21wM35, 122B5 (906)
_cTB
_2CC
999 _c103975
_d103975